Normal view
MARC view
Entry Topical Term
001 - CONTROL NUMBER
- control field: 13021
003 - CONTROL NUMBER IDENTIFIER
- control field: BD-RjUL
005 - DATE AND TIME OF LATEST TRANSACTION
- control field: 20240515111230.0
008 - FIXED-LENGTH DATA ELEMENTS
- fixed length control field: 240515|| aca||aabn | a|a d
040 ## - CATALOGING SOURCE
- Original cataloging agency: BD-RjUL
- Transcribing agency: BD-RjUL
150 ## - HEADING--TOPICAL TERM
- Topical term or geographic name entry element: Genotype-environment interaction
- General subdivision: Barley
670 ## - SOURCE DATA FOUND
- Source citation: Work cat.: (BD-RjUL)83750: ANISUZZAMAN, MD. 13020, INTERACTION BETWEEN GENOTYPES AND ENVIRONMENTS SHOWN BY SOME QUANTITATIVE CHARACTERS IN BARLEY (HORDEUM VULGARE L.) /, 2003